000 00908nam a2200229 4500
001 148648
003 ES-MaACL
005 20230906202738.0
007 t|
008 070214s1911 xxu r ||||1| eng d
245 0 4 _aThe study of History in secondary schools
_b: report to the American Historical Association /
_c[Andrew Cunningham McLaughlin... et al.].
260 _aNew York :
_bThe Macmillan Company,
_c1911.
300 _a72 p. ;
_c19 x 12 cm.
500 _aAutores del informe: Andrew Cunningham McLaughlin, Charles Homer Haskins, James Harvey Robinson, Charles W Mann, James Sullivan.
700 1 _aMcLaughlin, Andrew Cunningham.
_979600
700 1 _aHaskins, Charles Homer.
_962037
700 1 _aRobinson, James Harvey.
_997893
700 1 _aMann, Charles W.
_976041
700 1 _aSullivan, James.
_9108759
710 2 _aAmerican Historical Association.
_91360
852 _aES-MaACL
_jF-8456
999 _c148648
_d148648